Statistics for Days Football are played on

Click here to take the quiz!

General Stats

  • This quiz has been taken 16 times
  • The average score is 6 of 6

Answer Stats

daysAnswer% Correct
Last day of football weekMondays
100%
Most games are playedSundays
100%
Start of football weekThursdays
100%
Week 15 & 16Saturdays
92%
FoodThanksgiving
92%
Snowy holiday (Occasionally)Christmas
85%

Score Distribution

Percentile by Number Answered

Percent of People with Each Score

Your Score History

You have not taken this quiz